000 00613nam a2200217Ia 4500
003 OSt
005 20240514090940.0
008 210716s1985 xx 000 0 und d
040 _cAIMIT LIBRARY
041 _aeng
082 _a374.22
_21
_bMEAC
100 _aMeares, Charles W V.
_9164407
245 _aLooking back :
_bmamoir of new york life /
_cBy Charles W V Meares.
250 _a1st ed.
260 _aUSA :
_c1985.
300 _a162p. ;
_bHB
_c21.5 cm
650 _aLeading at library
_9164408
650 _aCamp nylie
_9164409
650 _aTwin stories
_9164410
942 _2ddc
_cBK
_e1st
_k374.22 MEAC
999 _c203204
_d203204